[Event "Zalakaros op 28th"]
[Site "Zalakaros"]
[Date "2009.05.11"]
[Round "4"]
[White "Horvath, Adam"]
[Black "Horvath, Lajos Ludovic"]
[Result "1-0"]
[WhiteElo "2519"]
[BlackElo "2103"]
[PlyCount "49"]
[EventDate "2009.05.08"]
[EventType "swiss"]
[EventRounds "9"]
[EventCountry "HUN"]
[SourceTitle "CBM 130 Extra"]
[Source "ChessBase"]
[SourceDate "2009.07.02"]
[SourceVersion "2"]
[SourceVersionDate "2009.07.15"]
[SourceQuality "1"]

1. e4 e5 2. Nf3 Nf6 3. d4 Nxe4 4. Bd3 d5 5. Nxe5 Nd7 6. Nxd7 Bxd7 7. 0-0 Qh4 8. c4 0-0-0 9. c5 g5 10. Nc3 f5 11. Nxd5 Be6 12. Nc3 Bg7 13. Bxe4 fxe4 14. Be3 Be5 15. g3 Qh3 16. Nxe4 Bd5 17. Qf3 Bf4 18. Bxf4 gxf4 19. Qxf4 Rhf8 20. Qe3 Rg8 21. f3 Rde8 22. Rae1 h5 23. Qf4 Ref8 24. Qe5 Rf5 25. Nf2 1-0

[Event "HUN-chT2 Toth 0809"]
[Site "Hungary"]
[Date "2008.11.02"]
[Round "2.10"]
[White "Horvath, Lajos Ludovic"]
[Black "Revesz, Bela"]
[Result "1-0"]
[WhiteElo "2090"]
[BlackElo "2006"]
[PlyCount "80"]
[EventDate "2008.10.26"]
[EventType "team-tourn"]
[EventRounds "11"]
[EventCountry "HUN"]
[SourceTitle "EXT 2010"]
[Source "ChessBase"]
[SourceDate "2010.11.25"]
[SourceVersion "1"]
[SourceVersionDate "2010.11.25"]
[SourceQuality "1"]
[WhiteTeam "Kisujszallas"]
[BlackTeam "Bekes"]
[WhiteTeamCountry "HUN"]
[BlackTeamCountry "HUN"]

1. e4 c5 2. Nf3 d6 3. d4 cxd4 4. Nxd4 Nf6 5. Nc3 a6 6. Bc4 e6 7. Bb3 Qc7 8. 0-0 Be7 9. f4 Nc6 10. Be3 Bd7 11. Qf3 Nxd4 12. Bxd4 Bc6 13. Rae1 0-0-0 14. f5 e5 15. Bf2 Rdf8 16. Nd5 Nxd5 17. exd5 Bd7 18. Re3 Kb8 19. Rc3 Qd8 20. Qe3 b6 21. Bc4 Bg5 22. Qxb6+ Qxb6 23. Bxb6 Kb7 24. Rb3 Bb5 25. Bf2 Kc7 26. Bxb5 axb5 27. Rxb5 Ra8 28. a3 Rhb8 29. Rxb8 Rxb8 30. b3 e4 31. h4 Bf6 32. g3 Bc3 33. Rd1 Bb2 34. a4 Ba3 35. Rb1 Re8 36. Be3 Re5 37. c4 Rxf5 38. b4 Rf3 39. Bf4 Kd7 40. a5 e3 1-0

[Event "Nyiregyhaza op"]
[Site "Nyiregyhaza"]
[Date "2008.07.25"]
[Round "4"]
[White "Hajnal, Zoltan"]
[Black "Horvath, Lajos Ludovic"]
[Result "1-0"]
[WhiteElo "2376"]
[BlackElo "2068"]
[PlyCount "47"]
[EventDate "2008.07.23"]
[EventType "swiss"]
[EventRounds "7"]
[EventCountry "HUN"]
[SourceTitle "EXT 2009"]
[Source "ChessBase"]
[SourceDate "2008.11.26"]
[SourceVersion "1"]
[SourceVersionDate "2008.11.26"]
[SourceQuality "1"]

1. e4 e5 2. Nf3 Nf6 3. d4 Nxe4 4. Bd3 d5 5. Nxe5 Nd7 6. Qe2 Qe7 7. Nxf7 Qxf7 8. f3 Ndf6 9. Nd2 Bd6 10. fxe4 Bg4 11. Qe3 dxe4 12. Nxe4 0-0-0 13. Nxd6+ Rxd6 14. 0-0 Re8 15. Qf2 Qh5 16. Bf4 Rde6 17. Be5 Nd7 18. Bc4 Rf8 19. Qg3 Rc6 20. Bb5 Rxf1+ 21. Rxf1 Rxc2 22. h3 Be6 23. Qxg7 Qg6 24. Rf8+ 1-0

[Event "Nyiregyhaza op"]
[Site "Nyiregyhaza"]
[Date "2008.07.24"]
[Round "3"]
[White "Horvath, Lajos Ludovic"]
[Black "Balogh, Laszlo"]
[Result "1-0"]
[WhiteElo "2068"]
[BlackElo "2258"]
[PlyCount "43"]
[EventDate "2008.07.23"]
[EventType "swiss"]
[EventRounds "7"]
[EventCountry "HUN"]
[SourceTitle "EXT 2009"]
[Source "ChessBase"]
[SourceDate "2008.11.26"]
[SourceVersion "1"]
[SourceVersionDate "2008.11.26"]
[SourceQuality "1"]

1. e4 e6 2. d4 d5 3. Nc3 Bb4 4. e5 c5 5. a3 Bxc3+ 6. bxc3 Ne7 7. a4 Qa5 8. Bd2 Nbc6 9. Nf3 Bd7 10. Bb5 c4 11. 0-0 0-0-0 12. Qb1 a6 13. Bc1 f6 14. Ba3 Ng6 15. Bxc6 Bxc6 16. Bc5 Be8 17. Bb6 Qxc3 18. Re1 Nf4 19. Re3 Nd3 20. cxd3 f5 21. dxc4 Qxc4 22. Nd2 1-0

[Event "Felix Cup 22nd"]
[Site "Felix Spa"]
[Date "2007.05.27"]
[Round "4"]
[White "Ionita, Gheorghe"]
[Black "Horvath, Lajos Ludovic"]
[Result "0-1"]
[WhiteElo "1843"]
[BlackElo "2114"]
[PlyCount "83"]
[EventDate "2007.05.25"]
[EventType "swiss"]
[EventRounds "9"]
[EventCountry "ROU"]
[SourceTitle "CBM 118 Extra"]
[Source "ChessBase"]
[SourceDate "2007.07.04"]
[SourceVersion "1"]
[SourceVersionDate "2007.07.04"]
[SourceQuality "1"]

1. e4 e5 2. Nf3 Nf6 3. d4 Nxe4 4. Bd3 d5 5. Nxe5 Nd7 6. Nxd7 Bxd7 7. c4 Bb4+ 8. Bd2 Nxd2 9. Nxd2 dxc4 10. Bxc4 0-0 11. 0-0 Bc6 12. Nb3 Qh4 13. a3 Bd6 14. g3 Qe4 15. f3 Qe3+ 16. Rf2 Rad8 17. Na5 Bc5 18. Nxc6 bxc6 19. dxc5 Rxd1+ 20. Rxd1 Qxc5 21. Ba2 g6 22. Kg2 Re8 23. h4 Re7 24. g4 Kg7 25. Bb1 Qa5 26. Be4 c5 27. Rd5 c6 28. Rd6 Re6 29. Rd7 c4 30. Rfd2 c3 31. bxc3 Qxc3 32. R2d3 Qb2+ 33. Kh3 Qe2 34. Rd2 Qf1+ 35. Kh2 Qe1 36. Kh3 Qf1+ 37. Rg2 Qa6 38. h5 Qxa3 39. Kh4 Re7 40. Rd8 Qc5 41. g5 h6 42. hxg6 0-1

[Event "Eger Agria op"]
[Site "Eger"]
[Date "2005.07.31"]
[Round "8"]
[White "Horvath, Lajos Ludovic"]
[Black "Kovacs, Tamas"]
[Result "0-1"]
[WhiteElo "2113"]
[BlackElo "2222"]
[PlyCount "52"]
[EventDate "2005.07.18"]
[EventType "swiss"]
[EventRounds "9"]
[EventCountry "HUN"]
[SourceTitle "EXT 2008"]
[Source "ChessBase"]
[SourceDate "2007.11.25"]
[SourceVersion "1"]
[SourceVersionDate "2007.11.25"]
[SourceQuality "1"]

1. e4 c5 2. Nf3 e6 3. d4 cxd4 4. Nxd4 a6 5. Nc3 b5 6. Bd3 Bc5 7. Nb3 Be7 8. 0-0 Bb7 9. f4 Qc7 10. Be3 d6 11. Qf3 Nf6 12. Rae1 Nbd7 13. a3 h5 14. h3 Nb6 15. Na5 Nc4 16. Nxb7 Qxb7 17. Bc1 Rc8 18. b3 Nb6 19. Nd1 Nbd7 20. Qf2 Nc5 21. Bb2 Ncxe4 22. Bxe4 Nxe4 23. Qf3 Qa7+ 24. Kh1 Nd2 25. Qf2 Qxf2 26. Rxf2 Bh4 0-1

[Event "Eger Agria op"]
[Site "Eger"]
[Date "2005.07.24"]
[Round "1"]
[White "Horvath, Lajos Ludovic"]
[Black "Tatar Kis, Szabolcs"]
[Result "0-1"]
[WhiteElo "2113"]
[BlackElo "2415"]
[PlyCount "86"]
[EventDate "2005.07.18"]
[EventType "swiss"]
[EventRounds "9"]
[EventCountry "HUN"]
[SourceTitle "EXT 2008"]
[Source "ChessBase"]
[SourceDate "2007.11.25"]
[SourceVersion "1"]
[SourceVersionDate "2007.11.25"]
[SourceQuality "1"]

1. e4 c5 2. Nf3 Nc6 3. d4 cxd4 4. Nxd4 Nf6 5. Nc3 e5 6. Ndb5 d6 7. Bg5 a6 8. Bxf6 gxf6 9. Na3 b5 10. Nd5 Bg7 11. c3 f5 12. exf5 Bxf5 13. Qf3 Be6 14. Nf4 Nd4 15. cxd4 exf4 16. Nc2 0-0 17. Bd3 Re8 18. 0-0 Qg5 19. Rfe1 Rac8 20. Re2 Bd5 21. Rxe8+ Rxe8 22. h4 Bxf3 23. hxg5 Bd5 24. a4 Bc4 25. Bf5 Re2 26. axb5 Bxb5 27. Ra3 Rd2 28. Rh3 Bxd4 29. Nxd4 Rxd4 30. Kh2 Rd1 31. Bxh7+ Kg7 32. Bf5 Rd5 33. Be4 Re5 34. Bb1 Re2 35. Rf3 Rxb2 36. Bf5 Rb4 37. g3 fxg3+ 38. Kxg3 a5 39. Ra3 a4 40. Bc2 d5 41. f4 d4 42. Kg4 Be2+ 43. Kf5 Rc4 0-1